|
|
|
|
| LEADER |
02682nam a2200721 i 4500 |
| 001 |
nkc20162840994 |
| 003 |
CZ PrNK |
| 005 |
20170110081655.0 |
| 007 |
ta |
| 008 |
161214s2016 xr ah e 000 0dcze |
| 015 |
|
|
|a cnb002840994
|
| 020 |
|
|
|a 978-80-86930-80-0
|q (Marek Přikryl - Mare-Czech ;
|q vázáno)
|
| 035 |
|
|
|a (OCoLC)970636854
|
| 035 |
|
|
|a (OCoLC)972610210
|
| 040 |
|
|
|a ABA001
|b cze
|e rda
|
| 043 |
|
|
|a x------
|a e-cs---
|a e-pl---
|
| 072 |
|
7 |
|a 629
|x Dopravní prostředky
|2 Konspekt
|9 19
|
| 080 |
|
|
|a 629.5.02
|2 MRF
|
| 080 |
|
|
|a 629.546.2
|2 MRF
|
| 080 |
|
|
|a 629.542/.546
|2 MRF
|
| 080 |
|
|
|a 656.614.3
|2 MRF
|
| 080 |
|
|
|a 656.61
|2 MRF
|
| 080 |
|
|
|a (437)
|2 MRF
|
| 080 |
|
|
|a (438)
|2 MRF
|
| 080 |
|
|
|a (100)
|2 MRF
|
| 080 |
|
|
|a (048.8)
|2 MRF
|
| 080 |
|
|
|a (0:82-94)
|2 MRF
|
| 080 |
|
|
|a (084.12)
|2 MRF
|
| 100 |
1 |
|
|a Žižka, Jiří
|7 jo2016936901
|4 aut
|
| 245 |
1 |
0 |
|a I sny chtějí svůj čas :
|b svět balkerů - m/s Praha, m/s Bratislava a m/s Třinec /
|c Jiří Žižka
|
| 246 |
1 |
8 |
|a I sny chtějí svůj čas - svět balkerů
|
| 250 |
|
|
|a Vydání 1.
|
| 264 |
|
1 |
|a Praha :
|b Mare-Czech,
|c 2016
|
| 300 |
|
|
|a 157 stran :
|b ilustrace (některé barevné), faksimile ;
|c 18 x 22 cm
|
| 336 |
|
|
|a text
|b txt
|2 rdacontent
|
| 336 |
|
|
|a statický obraz
|b sti
|2 rdacontent
|
| 337 |
|
|
|a bez média
|b n
|2 rdamedia
|
| 338 |
|
|
|a svazek
|b nc
|2 rdacarrier
|
| 500 |
|
|
|a Vydáno v koedici s autorem Jiřím Žižkou
|
| 650 |
0 |
7 |
|a konstrukce lodí
|7 ph242465
|z Polsko
|2 czenas
|
| 650 |
0 |
7 |
|a bulkery
|7 ph937701
|z Československo
|2 czenas
|
| 650 |
0 |
7 |
|a nákladní lodě
|7 ph156628
|z Československo
|2 czenas
|
| 650 |
0 |
7 |
|a nákladní vodní doprava
|7 ph115495
|z Československo
|2 czenas
|
| 650 |
0 |
7 |
|a námořní doprava
|7 ph115499
|z Československo
|2 czenas
|
| 650 |
0 |
7 |
|a námořní doprava
|7 ph115499
|z země světa
|2 czenas
|
| 650 |
0 |
9 |
|a ship construction
|z Poland
|2 eczenas
|
| 650 |
0 |
9 |
|a bulk carrier cargo ships
|z Czechoslovakia
|2 eczenas
|
| 650 |
0 |
9 |
|a cargo ships
|z Czechoslovakia
|2 eczenas
|
| 650 |
0 |
9 |
|a freight water transport
|z Czechoslovakia
|2 eczenas
|
| 650 |
0 |
9 |
|a maritime transport
|z Czechoslovakia
|2 eczenas
|
| 650 |
0 |
9 |
|a maritime transport
|z countries of the world
|2 eczenas
|
| 655 |
|
7 |
|a přehledy
|7 fd133202
|2 czenas
|
| 655 |
|
7 |
|a vzpomínky
|7 fd133830
|2 czenas
|
| 655 |
|
7 |
|a fotografické publikace
|7 fd132276
|2 czenas
|
| 655 |
|
9 |
|a surveys
|2 eczenas
|
| 655 |
|
9 |
|a reminiscences
|2 eczenas
|
| 655 |
|
9 |
|a photographical works
|2 eczenas
|
| 910 |
2 |
|
|a BOA001
|b 2-1378.255
|
| 928 |
9 |
|
|a J. Žižka
|
| 990 |
|
|
|a BK
|
| 995 |
|
|
|a 01
|
| 991 |
|
|
|b 201612
|c NOV
|
| 996 |
6 |
|
|b 2610690544
|c 2-1378.255
|l MZK
|r Sklad / do 1 hodiny
|n 0
|p p.v.
|w 001592069
|u 000010
|a 1
|e BOA001
|j MZK50
|s P
|